| 000 | 00450nam a2200169 a 4500 | ||
|---|---|---|---|
| 005 | 20140310183137.0 | ||
| 008 | 020820s19uu xx 00 eng d | ||
| 050 |
_aHF 5635 _b.W524 1996 |
||
| 100 | _aWeygandt, Jerry J. | ||
| 245 |
_aAccounting principles / _cJerry J. Weygandt. |
||
| 260 |
_aNew York : _bWiley, _c1996. |
||
| 300 |
_a1155 p. : _bill. ; _c26 cm. |
||
| 521 | _aBSA | ||
| 650 | _aAccounting | ||
| 942 |
_cBK _2lcc _kFOR |
||
| 999 |
_c19321 _d19321 |
||